| 000 | 00682nam a2200193 4500 | ||
|---|---|---|---|
| 001 | 110422 | ||
| 003 | ES-MaACL | ||
| 007 | t| | ||
| 008 | 061121s1986 it r ||||1| ita d | ||
| 100 | 1 |
_aDa Pordenone, Odorico, _dca. 1265-1331 _942391 |
|
| 245 | 1 | 0 |
_aOdorichus de rebus incognitis / _cOdorico da Pordenone; a cura di Lucio Monaco, Giulio Cesare Testa. |
| 260 |
_aPordenone : _bCamera di Commercio, _c1986. |
||
| 300 |
_a178 p. : _bil. ; _c29 cm. |
||
| 500 | _aReproducción con transcripción de la 1ª ed. de Pesaro, 1513. | ||
| 700 | 1 |
_aMonaco, Lucio. _982098 |
|
| 700 | 1 |
_aCesare Testa, Giulio. _937673 |
|
| 852 |
_aES-MaACL _jG-6933 |
||
| 999 |
_c110422 _d110422 |
||